<?xml version="1.0" encoding="UTF-8"?>
<record
    xmlns:xsi="http://www.w3.org/2001/XMLSchema-instance"
    xsi:schemaLocation="http://www.loc.gov/MARC21/slim http://www.loc.gov/standards/marcxml/schema/MARC21slim.xsd"
    xmlns="http://www.loc.gov/MARC21/slim">

  <leader>02175nam a22002177a 4500</leader>
  <controlfield tag="003">St Aloysius Coll</controlfield>
  <controlfield tag="005">20260130122130.0</controlfield>
  <controlfield tag="008">251201b        |||||||| |||| 00| 0 eng d</controlfield>
  <datafield tag="020" ind1=" " ind2=" ">
    <subfield code="a">9789354477744</subfield>
  </datafield>
  <datafield tag="040" ind1=" " ind2=" ">
    <subfield code="c">AL</subfield>
  </datafield>
  <datafield tag="041" ind1=" " ind2=" ">
    <subfield code="a">English</subfield>
  </datafield>
  <datafield tag="082" ind1=" " ind2=" ">
    <subfield code="a">320.954</subfield>
    <subfield code="b">JHAI</subfield>
  </datafield>
  <datafield tag="100" ind1=" " ind2=" ">
    <subfield code="a">Manoj Kumar Jha</subfield>
    <subfield code="9">247203</subfield>
  </datafield>
  <datafield tag="245" ind1=" " ind2=" ">
    <subfield code="a">In Praise of coalition politics</subfield>
    <subfield code="b">: and other essays on Indian democracy</subfield>
  </datafield>
  <datafield tag="260" ind1=" " ind2=" ">
    <subfield code="a">New Delhi</subfield>
    <subfield code="b">Speaking Tiger Books</subfield>
    <subfield code="c">2025</subfield>
  </datafield>
  <datafield tag="300" ind1=" " ind2=" ">
    <subfield code="a">228p.</subfield>
    <subfield code="b">HB</subfield>
    <subfield code="c">22.2x14.5cm.</subfield>
  </datafield>
  <datafield tag="365" ind1=" " ind2=" ">
    <subfield code="2">General</subfield>
    <subfield code="a">HYD8-6483931</subfield>
    <subfield code="c">&#x20B9;</subfield>
    <subfield code="f">13/11/2025</subfield>
    <subfield code="b">&#x20B9;352.00</subfield>
  </datafield>
  <datafield tag="520" ind1=" " ind2=" ">
    <subfield code="a">In a time of democratic backsliding and institutional erosion, Manoj Kumar
Jha&#x2019;s collection of essays offers a stirring and necessary voice of conscience.
At once political and personal, reflective and sharply polemical, the essays
in this volume interrogate the state of Indian democracy after a decade of
majoritarian rule. They examine the bulldozing of constitutional safeguards,
state-sanctioned bigotry and the everyday injustice faced by Dalits and
Muslims, the retreat of federalism in the face of a hyper-centralized state,
the shrinking of academic freedom and criminalization of protest, and the
erosion of parliamentary norms and the internationalism that guided India&#x2019;s
support to causes like the liberation of Palestine.
All is not lost, however, as the lead essay on the return of coalition politics
suggests, arguing that the half-hearted mandate to the Bharatiya Janata
Party in the 2024 Lok Sabha elections, putting the brakes on its majoritarian
juggernaut, points to the essentially inclusive nature of India&#x2019;s democracy.
Written with clarity, conviction and empathy, this is a book that refuses
to normalize the destruction of our democratic republic or surrender to
cynicism. At its heart lies a simple yet&#x2014;at this moment in our nation&#x2019;s
history&#x2014;radical idea: that India&#x2019;s greatness lies not in uniformity or brute
power, but in plurality, debate, compassion and the constant struggle towards
social and economic justice. This is a vital book for our times.</subfield>
  </datafield>
  <datafield tag="650" ind1=" " ind2=" ">
    <subfield code="2">Political Science</subfield>
    <subfield code="a">Indian Subcontinent</subfield>
    <subfield code="9">247204</subfield>
  </datafield>
  <datafield tag="942" ind1=" " ind2=" ">
    <subfield code="2">ddc</subfield>
    <subfield code="c">BK</subfield>
  </datafield>
  <datafield tag="999" ind1=" " ind2=" ">
    <subfield code="c">240689</subfield>
    <subfield code="d">240689</subfield>
  </datafield>
  <datafield tag="952" ind1=" " ind2=" ">
    <subfield code="0">0</subfield>
    <subfield code="1">0</subfield>
    <subfield code="2">ddc</subfield>
    <subfield code="4">0</subfield>
    <subfield code="7">0</subfield>
    <subfield code="8">MAJMC</subfield>
    <subfield code="a">SACPG</subfield>
    <subfield code="b">SACPG</subfield>
    <subfield code="d">2025-11-21</subfield>
    <subfield code="e">Amazon</subfield>
    <subfield code="g">352.00</subfield>
    <subfield code="l">0</subfield>
    <subfield code="o">320.954 JHAI</subfield>
    <subfield code="p">PG025134</subfield>
    <subfield code="r">2025-12-01 15:38:46</subfield>
    <subfield code="w">0000-00-00</subfield>
    <subfield code="y">BK</subfield>
  </datafield>
</record>
